In the flickering of an eye / (Record no. 142432)

MARC details
000 -LEADER
fixed length control field 00566nam a22001937a 4500
005 - DATE AND TIME OF LATEST TRANSACTION
control field 20181227111155.0
010 ## - LCCN (DPL NO)
LC control number ENG-119150
020 ## - INTERNATIONAL STANDARD BOOK NUMBER
International Standard Book Number 9789382536239
Terms of availability 225.00
020 ## - INTERNATIONAL STANDARD BOOK NUMBER
International Standard Book Number 938253623x
Terms of availability 225.00
035 ## - SYSTEM CONTROL NUMBER
System control number EN-102682
037 ## - SOURCE OF ACQUISITION
Source of stock number/acquisition DBAD/PUB
082 ## - DEWEY DECIMAL CLASSIFICATION NUMBER
Classification number N
100 ## - MAIN ENTRY--PERSONAL NAME
Personal name Saxena Chandra,Neelam
245 ## - TITLE STATEMENT
Title In the flickering of an eye /
Statement of responsibility, etc by Neelam Saxena Chandra
260 ## - PUBLICATION, DISTRIBUTION, ETC. (IMPRINT)
Place of publication, distribution, etc New Delhi
Name of publisher, distributor, etc Lifi Prakashans
Date of publication, distribution, etc 2017
270 ## - ADDRESS
Address 211, 2nd Floor, Gagandeep 12, Rajendra Place
City New Delhi
Postal code 110008
300 ## - PHYSICAL DESCRIPTION
Extent xii,172p.
Dimensions 20cm(pbk)
942 ## - ADDED ENTRY ELEMENTS (KOHA)
Source of classification or shelving scheme Dewey Decimal Classification
Item type English Books
Classification part N
Call number suffix CHA
Holdings
Withdrawn status Lost status Not for loan Collection code Home library Current library Date acquired Source of acquisition Cost, normal purchase price Full call number Barcode Copy number Cost, replacement price Koha item type
    Not For Loan Fiction D.B.Act.Division Bawana 11/07/2017 DBAD/PUB 225.00 N CHA EN-102682 1 225.00 English Books

© Delhi Public Library
Hit Counter
free hit counter